000 00888nam a2200205 i 4500
001 53665
003 ES-MaACL
005 20250929063119.0
007 t|
008 031107s1886 sp ||||1| spa d
100 0 _aParada y Santín, José,
_d1857-1923
_988911
245 1 0 _aDiscursos leídos en la sesión inaugural del año académico de 1886-1887 en la Sociedad Española de Higiene, celebrada el día 27 de noviembre de 1886 /
_cpor José Parada y Santín [Actividades de la Sociedad] y Angel Fernández Caro [Deberes de la Sociedad ante los intereses de la higiene].
260 _aMadrid :
_b[s.n.],
_c1886 (
_fImprenta de Enrique Teodoro)
300 _a23, 43 p. ;
_c23 cm.
700 1 _aFernández Caro, Ángel.
_949551
710 2 _aSociedad Española de Higiene.
_96725
852 _aES-MaACL
_jT-686-F-9
852 _aES-MaACL
_jT-468-F-14
999 _c53665
_d53665